000 00731nam a22002177a 4500
003 OSt
005 20251024011845.0
008 251008b |||||||| |||| 00| 0 eng d
020 _a0-8493-1045-8.
040 _aDWCL-Main lib
_cOC
082 _aCirc. 362.2562 B668f 2000
100 _aBodziak, William J.
245 _aFootwear impression evidence :
_bdetection, recovery, and examination
260 _aBoca Raton :
_bCRC Press,
_cc2000.
300 _axix, 497 pages :
_billustration ;
_c26 cm.
504 _aIncludes bibliographical references and index.
650 _21. Criminal investigation.
650 _22. Footprints-Identification.
650 _23. Footwear-Identification.
942 _2ddc
_cBK-CIRC
_e2nd ed.
_kCirc.
_n0
999 _c4697
_d4697